[Event "Valdepenas U1600 op 2nd"]
[Site "Valdepenas"]
[Date "2020.07.26"]
[Round "5.4"]
[White "Perez Manzanedo, Carlos"]
[Black "Zarate Minano, Rafael"]
[Result "1-0"]
[WhiteElo "1574"]
[BlackElo "1434"]
[PlyCount "59"]
[EventDate "2020.07.25"]
[EventType "swiss (rapid)"]
[EventRounds "7"]
[EventCountry "ESP"]
[SourceTitle "EXT 2024"]
[Source "ChessBase"]
[SourceDate "2023.10.10"]
[SourceVersion "1"]
[SourceVersionDate "2023.10.10"]
[SourceQuality "1"]

1. c4 Nf6 2. Nc3 g6 3. b4 a5 4. b5 b6 5. Bb2 Bg7 6. Nf3 Bb7 7. e3 0-0 8. Be2 c5 9. d4 cxd4 10. exd4 d6 11. 0-0 Nbd7 12. Rc1 Rc8 13. Qd2 d5 14. Ne5 dxc4 15. Nxc4 Ne4 16. Nxe4 Bxe4 17. Rfd1 Nf6 18. Qe3 Bd5 19. Ne5 Qd6 20. Ba3 Qe6 21. Nc6 Qxe3 22. fxe3 Bxc6 23. Rxc6 Rxc6 24. bxc6 Rc8 25. Bf3 e6 26. Rb1 Nd5 27. Bxd5 exd5 28. Rxb6 Bf8 29. c7 Rxc7 30. Rb8 1-0